00918nas a2200265 4500001001000000003000900010005001700019007000300036008003400039040005400073041000900127072000800136100001300144100001800157100001700175100001900192100002300211245013400234246012200368650000900490650002000499650001400519650001300533773010600546BR8301377BR-BrBNA20231205085500.0ta230509b bl.|||p| |||| 00| 00por d aBR-BrBNAbporcBiblioteca Nacional de Agricultura a(Pt) aL731 aUeda, M.1 aChieffi, P.P.1 aPaes, R.A.P.1 aNakamura, P.M.1 aGordinho, R. da S.1 aAnticorpos anti-reticulina em soros de camundongos albinos experimentalmente infectados por Schistosoma mansoni [esquistossomose]1 aAnti-reticulin antibodies in sera from white mice experimentally infected with Schistosoma mansoni [schistossomiasis] aRATO aESQUISTOSSOMOSE aANTICORPO aINFECCAO0 tRevista do Instituto Adolfo Lutz (Brazil)xISSN 0073-9855g(Jun 1982), v. 42(1-2) p. 63-66wBR8301377